000 01277nac a22003617a 4500
001 BR8100020
003 BR-BrBNA
005 20240105114851.0
008 230509b bl.|||m| |||| 00| 0 por d
040 _aBR-BrBNA
_bpor
_cBiblioteca Nacional de Agricultura
072 _aF00; E15
090 _a0470 BR8100020
100 1 _aFigueiredo, F.J.C.
100 1 _aFrazao, D.A.C.
100 1 _aCarvalho, J.E.U. de
110 1 _aCentro de Pesquisa Agropecuaria do Tropico Umido, Belem, PA (Brasil)
245 1 _aEfeito do espacamento e da densidade de plantio sobre a produtividade de sementes de juta [Corchorus capsularis; Para; Brasil]
246 1 _a[Effect of planting spacing and density on the productiveness of jute seeds [Corchorus capsularis; Para; Brazil]]
260 3 _aBelem, PA (Brasil):
_cJun 1980.
300 _a(Pt)
490 _aPesquisa em Andamento - Centro de Pesquisa Agropecuaria do Tropico Umido (Brazil)
_vno. 6
_x
650 _aProducao vegetal
650 _aMicroeconomia
650 _aJuta
650 _aSemente
650 _aPratica cultural
650 _aEspacamento
650 _aDensidade de plantio
650 _aProdutividade
650 _aPara
909 _a202312
_bLúcia Elande
_c55
_dLúcia Elande
942 _2AGRIS
_n0
_cMS
999 _c271756
_d271756